000 00317 a2200133 4500
020 _a9781607187011 (pbk.)
020 _a1607187019 (pbk.)
041 _aspa
100 _aBell, Samantha.
245 _aLa mascota perfecta / por Samantha Bell.
260 _aArbordale Pub, c2013.
300 _a32 pages
942 _cBK
999 _c11375
_d11375